Sports Quiz

Random Sports Quiz

Premier League Manchester Derby goalscorers Quiz Stats

Quiz not verified by Sporcle

Challenge
Share
Tweet
Embed
Score 0/57 Timer 10:00
0 Plays Today
Derby Goals Player % Correct
06 Apr 1996 (United)Ryan Giggs
88.5%
14 Oct 1995, 13 Dec 2003, 14 Mar 2004, 17 Apr 2010 (United)Paul Scholes
87.8%
12 Feb 2005, 09 Dec 2006, 30 Nov 2008, 20 Sep 2009, 12 Feb 2011, 09 Dec 2012, 22 Sep 2013 (United)Wayne Rooney
87%
23 Oct 2011, 08 Apr 2013, 22 Sep 2013, 02 Nov 2014, 12 Apr 2015 (City)Sergio Aguero
84.5%
20 Mar 1993, 07 Nov 1993, 23 Apr 1994, 10 Nov 1994, 06 Apr 1996 (United)Eric Cantona
83.3%
18 Nov 2000 (United)David Beckham
80.7%
11 Feb 1995, 06 Apr 1996 (United)Andy Cole
78%
07 Nov 1993 (United)Roy Keane
75.7%
12 Feb 2011, 23 Oct 2011 (City)David Silva
71.4%
09 Dec 2006, 05 May 2007, 10 May 2009 (United)Ronaldo
68.8%
20 Sep 2009 (United)Michael Owen
67.9%
30 Apr 2012, 08 Apr 2013 (OG) (City)Vincent Kompany
66.2%
10 May 2009 (United)Carlos Tevez
60.1%
6 Dec 1992, 10 Nov 1994 (United)Mark Hughes
56.9%
09 Feb 2003, 13 Dec 2003, 10 Sep 2005, 14 Jan 06 (United)Van Nistelrooy
56.4%
23 Oct 2011 (City)Mario Balotelli
55.6%
09 Dec 2012, 22 Sep 2013, 25 Mar 2014 (City)Yaya Toure
54.3%
09 Dec 2012 (United)Robin Van Persie
52.9%
21 Apr 2001 (United)Teddy Sheringham
51.8%
10 Sep 2016 (City)Kevin De Bruyne
50.7%
20 Mar 2016 (United)Marcus Rashford
49.9%
23 Oct 2011, 25 Mar 2014 (City)Edin Dzeko
49.5%
09 Nov 2002, 09 Feb 2003 (City)Shaun Goater
48.7%
10 Sep 2016 (United)Zlatan Ibrahimovic
47.6%
20 Sep 2009 (City)Craig Bellamy
46.5%
20 Sep 2009, 23 Oct 2011 (United)Darren Fletcher
45.1%
10 Nov 1994, 11 Feb 1995 (United)Andrei Kanchelskis
43.1%
10 Feb 2008 (United)Michael Carrick
40.4%
09 Nov 2002 (United)Ole Gunnar Solskjaer
39.5%
Derby Goals Player % Correct
12 Feb 2011 (United)Nani
37.2%
6 Dec 1992, 11 Feb 1995 (United)Paul Ince
36.6%
6 Dec 1992, 20 Mar 1993, 07 Nov 1993 (City)Niall Quinn
35.3%
12 Apr 2015 (United)Ashley Young
34.6%
12 Apr 2015 (United)Juan Mata
33.3%
12 Apr 2015 (United)Chris Smalling
32.4%
12 Feb 2005 (OG) (City)Richard Dunne
29.4%
13 Dec 2003, 14 Mar 2004 (City)Shaun Wright-Phillips
29%
09 Dec 2012 (City)Pablo Zabaleta
27.5%
09 Dec 2006 (United)Louis Saha
25.3%
14 Mar 2004, 14 Jan 2006 (City)Robbie Fowler
24%
12 Apr 2015 (United)Marouane Fellaini
22.3%
20 Sep 2009 (City)Gareth Barry
21.6%
10 Feb 2008 (City)Benjani
18.6%
22 Sep 2013 (City)Samir Nasri
17.7%
09 Nov 2002 (City)Nicolas Anelka
17%
08 Apr 2013 (City)James Milner
15.3%
06 Apr 1996 (City)Uwe Rosler
14.7%
10 Sep 2005 (City)Joey Barton
14.5%
10 Sep 2016 (City)Kelechi Iheanacho
11.9%
14 Jan 2006, 10 Feb 2008 (City)Darius Vassell
11.9%
23 Oct 2011 (United)Jonny Evans
11.9%
14 Mar 2004, 14 Jan 2006 (City)Trevor Sinclair
9.9%
11 August 2007 (City)Geovanni
8.8%
14 Mar 2004 (City)Jon Macken
6.4%
21 Apr 2001 (City)Steve Howey
3.4%
09 Dec 2006 (City)Hatem Trabelsi
2.5%
06 Apr 1996 (City)Mikheil Kavelashvili
1.1%

You're not logged in!

Compare scores with friends on all Sporcle quizzes.
Sign Up with Email
OR
Log In

You Might Also Like...

Show Comments

Extras

Top Quizzes Today


Score Distribution

Your Account Isn't Verified!

In order to create a playlist on Sporcle, you need to verify the email address you used during registration. Go to your Sporcle Settings to finish the process.

Report this User

Report this user for behavior that violates our Community Guidelines.

Details: